| 000 | 00658nam a2200181Ia 4500 | ||
|---|---|---|---|
| 008 | 190422s9999 xx 000 0 und d | ||
| 100 | _aLaborr, Paul Danielle P | ||
| 245 | 4 | _aThe role of social perception, beliefs and emotions on support for punitive action toward drug dealers and users / | |
| 245 | _cPaul Danielle P. Laborr and Maria Cecilia C. Gastardo-Conaco.-- | ||
| 260 | _bPsychological Association of the Philippines | ||
| 260 | _c2017 | ||
| 300 | _apages 67-96, December 2017 | ||
| 440 |
_aPhilippine Journal of Psychology _v50(2) |
||
| 650 | _aEmotions | ||
| 650 | _aPunitiveness | ||
| 650 | _aRedeemabily | ||
| 650 | _aSocial Peceptions | ||
| 999 |
_c361464 _d361464 |
||